Loading...
The Widow /
| Main Author: | |
|---|---|
| Format: | Printed Book |
| Language: | English |
| Published: |
London :
Transworld Publishers,
2016.
|
| Subjects: |
| LEADER | 00535nam a22001577a 4500 | ||
|---|---|---|---|
| 008 | 170427b xxu||||| |||| 00| 0 eng d | ||
| 999 | |c 18002 |d 18002 | ||
| 020 | |a 9780552172363 | ||
| 082 | |a 823 |b BAR | ||
| 100 | |a Barton, Fiona | ||
| 245 | |a The Widow / |c Fiona Barton | ||
| 260 | |a London : |c 2016. |b Transworld Publishers, | ||
| 300 | |a 389p. | ||
| 650 | |a Novel | ||
| 942 | |2 ddc |c BK | ||
| 952 | |0 0 |1 0 |2 ddc |4 0 |6 823_000000000000000_BAR |7 0 |9 25184 |a MAIN |b MAIN |d 2017-04-27 |e Calicut Books |g 399.00 |l 2 |m 2 |o 823 BAR |p 22787 |r 2018-09-29 |s 2018-09-17 |t 1 |w 2017-04-27 |y BK | ||